Dokumenty k ústavnímu vývoji Československa. 1, 1918-1945 /

Hlavní autor: Gronský, Ján, 1928-2023
Další autoři: Hřebejk, Jiří, 1955-
Jazyk: Čeština
Vydáno: Praha : Karolinum, 1997
Vydání: 1. vyd.
Témata:
Fyzický popis: 244 s. ; 20 cm
Knihy
Uloženo v:
LEADER 01254nam a2200349 a 4500
001 000276953
003 CZ BrMZK
005 20211209110317.0
007 ta
008 980115s1997 xr e p 0 cze d
020 |a 80-7184-458-6 
040 |a BOA001  |b cze 
043 |a e-cs--- 
072 7 |a 342  |x Ústavní právo. Správní právo  |2 Konspekt  |9 16 
072 7 |a 37.016  |x Učební osnovy. Vyučovací předměty. Učebnice  |2 Konspekt  |9 22 
080 |a 342  |2 MRF 
080 |a (437)  |2 MRF 
080 |a (075.8)  |2 MRF 
080 |a (094)  |2 MRF 
100 1 |a Gronský, Ján,  |d 1928-2023  |7 jk01032721  |4 aut 
245 1 0 |a Dokumenty k ústavnímu vývoji Československa.  |n 1, 1918-1945 /  |c Ján Gronský, Jiří Hřebejk 
250 |a 1. vyd. 
260 |a Praha :  |b Karolinum,  |c 1997 
300 |a 244 s. ;  |c 20 cm 
500 |a Určeno pro posl. fak. práv. UK. - Bibliogr. 
650 7 |a ústavní právo  |z Československo  |7 ph116908  |2 czenas 
655 7 |a učebnice vysokých škol  |7 fd133772  |2 czenas 
655 7 |a dokumenty  |7 fd132064  |2 czenas 
700 1 |a Hřebejk, Jiří,  |d 1955-  |7 jn99240000343  |4 aut 
910 |a BOA001  |b 2-1041.232,1 
990 |a BK 
996 6 |b 2610064524  |c 2-1041.232,1  |l MZK  |r Sklad / do 1 hodiny  |n 21  |p p.v.  |w 000276953  |u 000010  |a 1  |e BOA001  |j MZK50  |s P